<?xml version="1.0" encoding="UTF-8"?>
<record
    xmlns:xsi="http://www.w3.org/2001/XMLSchema-instance"
    xsi:schemaLocation="http://www.loc.gov/MARC21/slim http://www.loc.gov/standards/marcxml/schema/MARC21slim.xsd"
    xmlns="http://www.loc.gov/MARC21/slim">

  <leader>01542nam a22002177a 4500</leader>
  <controlfield tag="001">85853</controlfield>
  <controlfield tag="005">20260429154639.0</controlfield>
  <controlfield tag="008">260429s2023    sp ||||| |||| 00| 0 spa d</controlfield>
  <datafield tag="040" ind1=" " ind2=" ">
    <subfield code="a">M-RABA</subfield>
    <subfield code="b">spa</subfield>
    <subfield code="c">M-RABA</subfield>
  </datafield>
  <datafield tag="245" ind1="0" ind2="5">
    <subfield code="a">En el centenario de El Retablo de Maese Pedro</subfield>
    <subfield code="b">: Scherzo</subfield>
    <subfield code="c">/ Festival de Granada; Fundaci&#xF3;n Archivo Manuel de Falla.</subfield>
  </datafield>
  <datafield tag="260" ind1=" " ind2=" ">
    <subfield code="a">Granada</subfield>
    <subfield code="b">: Festival de Granada</subfield>
    <subfield code="b">: Fundaci&#xF3;n Archivo Manuel de Falla</subfield>
    <subfield code="c">, 2023</subfield>
  </datafield>
  <datafield tag="300" ind1=" " ind2=" ">
    <subfield code="a">16 p. </subfield>
    <subfield code="c">; 30 cm</subfield>
  </datafield>
  <datafield tag="500" ind1="0" ind2="0">
    <subfield code="a">Esta publicaci&#xF3;n ha sido realizada con motivo de la celebraci&#xF3;n del centenario de El retablo de Maese Pedro en el marco del 72 Festival de M&#xFA;sica y Danza de Granada, en colaboraci&#xF3;n con el Archivo Manuel de Falla. Se trata de una separata del dosier publicado en marzo de 2023 en el n&#xBA;393 de la revista Scherzo. </subfield>
  </datafield>
  <datafield tag="505" ind1=" " ind2=" ">
    <subfield code="a">Contiene: Cien a&#xF1;os de El Retablo de Maese Pedro / Jos&#xE9; Ram&#xF3;n Encinar. Un Quijote inagotable para Falla: lecturas y recreaciones del mito literario / Elena Torres Clemente. El retablo, poes&#xED;a y deshumanizaci&#xF3;n del arte / Jorge de Persia. T&#xED;teres en las representaciones de El Retablo de Maese Pedro / Adolfo Ayuso. La recepci&#xF3;n de El retablo en las vanguardias europeas del siglo XX / Paolo Pinamonti. </subfield>
  </datafield>
  <datafield tag="600" ind1="1" ind2="4">
    <subfield code="a">Falla, Manuel de (</subfield>
    <subfield code="d">1876-1946). </subfield>
    <subfield code="t">El retablo de maese Pedro</subfield>
    <subfield code="9">65552</subfield>
  </datafield>
  <datafield tag="600" ind1="1" ind2="7">
    <subfield code="a">Don Quijote de la Mancha en la m&#xFA;sica</subfield>
    <subfield code="9">69125</subfield>
  </datafield>
  <datafield tag="710" ind1="2" ind2=" ">
    <subfield code="a">Archivo Manuel de Falla (</subfield>
    <subfield code="c">Granada)</subfield>
    <subfield code="9">6159</subfield>
  </datafield>
  <datafield tag="710" ind1=" " ind2=" ">
    <subfield code="a">FESTIVAL INTERNACIONAL DE M&#xDA;SICA Y DANZA DE GRANADA</subfield>
    <subfield code="9">94970</subfield>
  </datafield>
  <datafield tag="852" ind1=" " ind2=" ">
    <subfield code="j">F-16122</subfield>
  </datafield>
  <datafield tag="942" ind1=" " ind2=" ">
    <subfield code="c">FONDOMODER</subfield>
    <subfield code="n">0</subfield>
  </datafield>
  <datafield tag="952" ind1=" " ind2=" ">
    <subfield code="0">0</subfield>
    <subfield code="1">0</subfield>
    <subfield code="2">ddc</subfield>
    <subfield code="4">0</subfield>
    <subfield code="7">0</subfield>
    <subfield code="a">RABASF</subfield>
    <subfield code="b">RABASF</subfield>
    <subfield code="c">DP2</subfield>
    <subfield code="d">2026-04-29</subfield>
    <subfield code="i">45575</subfield>
    <subfield code="l">0</subfield>
    <subfield code="o">F-16122</subfield>
    <subfield code="p">1097151</subfield>
    <subfield code="r">2026-04-29 15:47:26</subfield>
    <subfield code="w">2026-04-29</subfield>
    <subfield code="y">FONDOMODER</subfield>
  </datafield>
  <datafield tag="999" ind1=" " ind2=" ">
    <subfield code="c">85853</subfield>
    <subfield code="d">85853</subfield>
  </datafield>
</record>
